| 000 | 00651nam a2200205 i 4500 | ||
|---|---|---|---|
| 001 | 104412 | ||
| 003 | ES-MaACL | ||
| 005 | 20230906183609.0 | ||
| 007 | t| | ||
| 008 | 051129s1961 sp ||||1| cat d | ||
| 100 | 1 |
_aMilla, Angel. _981120 |
|
| 245 | 1 | 0 |
_aPi, Noguera i Castanyer, fabricants de mobles _b: humorada escénica... / _coriginal de Angel Milla i Lluis Casañas... |
| 260 |
_aBarcelona : _bMillá, _c1961. |
||
| 300 |
_a56 p. ; _c18 cm. |
||
| 490 | 1 |
_aCatalunya teatral ; _v75 |
|
| 700 | 1 |
_aCasañas, Lluis. _936147 |
|
| 830 | 0 |
_aCatalunya teatral ; _v75 _9232638 |
|
| 852 |
_aES-MaACL _jC-30538 _bR.70055 |
||
| 999 |
_c104412 _d104412 |
||